Music Quiz

Random Music or Lyrics Quiz

'Montezuma' by Fleet Foxes Quiz Stats

 Plays Quiz not verified by Sporcle

Challenge
Share
Tweet
Embed
Score 0/186 Timer 10:00
0 Plays Today
Answer % Correct
I
97%
I
97%
I
97%
I
97%
I
97%
I
97%
I
97%
I
97%
I
97%
I
97%
I
97%
a
93.9%
the
93.9%
the
93.9%
the
93.9%
the
93.9%
the
93.9%
now
87.9%
am
87.9%
older
87.9%
my
87.9%
mother
87.9%
and
87.9%
father
87.9%
when
87.9%
they
87.9%
now
87.9%
what
87.9%
that
87.9%
me
87.9%
and
87.9%
my
87.9%
me
87.9%
what
87.9%
my
87.9%
me
87.9%
what
87.9%
my
87.9%
me
87.9%
and
87.9%
when
87.9%
they
87.9%
me
87.9%
what
87.9%
my
87.9%
me
87.9%
what
87.9%
my
87.9%
me
87.9%
and
87.9%
me
87.9%
my
87.9%
my
87.9%
what
87.9%
my
87.9%
me
87.9%
So
84.8%
had
84.8%
their
84.8%
daughter
84.8%
does
84.8%
say
84.8%
Answer % Correct
about
84.8%
Oh
84.8%
Oh
84.8%
to
84.8%
Oh
84.8%
oh
84.8%
oh
84.8%
Oh
84.8%
to
84.8%
Oh
84.8%
oh
84.8%
oh
84.8%
to
84.8%
to
84.8%
Oh
84.8%
to
84.8%
Oh
84.8%
oh
84.8%
oh
84.8%
Oh
84.8%
to
84.8%
Oh
84.8%
oh
84.8%
oh
84.8%
Oh
84.8%
to
84.8%
to
84.8%
Oh
84.8%
oh
84.8%
oh
84.8%
than
81.8%
man
81.8%
be
81.8%
man
81.8%
man
81.8%
be
81.8%
man
81.8%
man
81.8%
be
81.8%
man
81.8%
man
81.8%
be
81.8%
man
81.8%
man
81.8%
be
81.8%
man
81.8%
used
78.8%
used
78.8%
In
78.8%
in
78.8%
in
78.8%
used
78.8%
used
78.8%
used
78.8%
how
69.7%
of
69.7%
of
69.7%
of
69.7%
true
66.7%
just
66.7%
see
66.7%
just
66.7%
Answer % Correct
Gold
66.7%
gold
66.7%
Montezuma
66.7%
could
63.6%
dream
63.6%
such
63.6%
love
63.6%
Could
63.6%
empress
63.6%
dirt
63.6%
guess
63.6%
jewelry
63.6%
selfless
60.6%
hands
60.6%
looking
60.6%
out
60.6%
for
60.6%
or
60.6%
both
60.6%
naked
60.6%
wonder
60.6%
or
60.6%
with
60.6%
with
60.6%
wash
57.6%
slave
57.6%
will
57.6%
return
57.6%
as
57.6%
I'll
57.6%
faces
57.6%
cracks
57.6%
them
57.6%
Bury
57.6%
them
57.6%
excess
54.5%
if
54.5%
any
54.5%
above
54.5%
ceiling
54.5%
Nobody
54.5%
else
54.5%
blame
54.5%
teeth
54.5%
every
54.5%
piece
54.5%
into
54.5%
tomb
54.5%
name
54.5%
your
51.5%
Throw
51.5%
dowry
51.5%
Tripoli
51.5%
came
48.5%
someday
48.5%
mind
39.4%
away
39.4%
dearth
36.4%
Unless
36.4%
wandering
36.4%
have
33.3%
ran
27.3%

You're not logged in!

Compare scores with friends on all Sporcle quizzes.
OR
Log In

You Might Also Like...

Show Comments

Extras

Top Quizzes Today


Score Distribution

Your Account Isn't Verified!

In order to create a playlist on Sporcle, you need to verify the email address you used during registration. Go to your Sporcle Settings to finish the process.

Report this User

Report this user for behavior that violates our Community Guidelines.

Details: